| 000 | 01327nam a2200457 a 4500 | ||
|---|---|---|---|
| 003 | AR-BaBNM | ||
| 005 | 20251128205641.0 | ||
| 008 | 082120s2002 ||||||||||||||000 | spa|| | ||
| 020 | _a84-7100-674-X | ||
| 040 | _cAR-BaBNM | ||
| 245 | 0 | 0 | _aMarruecos y el padre Lerchundi |
| 260 |
_aMadrid _bMapfre _c1996 |
||
| 300 |
_a357 p. _bil., láms., mapas |
||
| 490 | 0 |
_aEl Magreb _vv. 16 |
|
| 500 | _aFuentes documentales y bibliográficas p. 345-349 | ||
| 500 | _aTextos para ampliar la lectura p. 329-344 | ||
| 650 | 4 | _aMUSULMANES | |
| 650 | 4 | _aHISTORIA POLITICA | |
| 650 | 4 | _aISLAM | |
| 650 | 4 | _aHISTORIA DE LAS RELIGIONES | |
| 650 | 4 | _aHISTORIA ECONOMICA | |
| 650 | 4 | _aHISTORIA MILITAR | |
| 650 | 4 | _aHISTORIA SOCIAL | |
| 650 | 4 | _aHISTORIA DE LAS COSTUMBRES | |
| 650 | 4 | _aCATOLICISMO | |
| 650 | 4 | _aHISTORIA DE LAS RELIGIONES | |
| 651 | 4 | _aMarruecos | |
| 651 | 4 | _aEspaña | |
| 651 | 4 | _aAfrica | |
| 700 | 1 | _aCalvo Moralejo, Gaspar | |
| 700 | 1 | _aValecillo Martín, Miguel | |
| 700 | 1 | _aGómez Font, Alberto | |
| 700 | 1 | _aBouzineb, Husein | |
| 700 | 1 | _aPeteiro Freire, Antonio | |
| 700 | 1 | _aLópez García, Bernabé | |
| 700 | 1 | _aBassegoda Nonell, Juan | |
| 700 | 1 |
_aLourido Díaz, Ramón _ecoordinador |
|
| 800 | 1 |
_aGallego, José Andrés _ecoordinador |
|
| 942 | _cBK | ||
| 998 | _cMariana | ||
| 999 |
_c12237 _d12237 |
||